000 00294nam a2200133Ia 4500
100 _aDe/G
942 _cBK
654 _athryistorised
245 _aPrinciples of thyristorised converters
260 _bOxford
_aNew Delhi
_c1982
082 _a621.3815
_bDE
300 _a295
546 _aENGLISH
999 _c26336
_d26336